| 000 | 00379nam a2200157Ia 4500 | ||
|---|---|---|---|
| 999 |
_c2180 _d2180 |
||
| 003 | OSt | ||
| 005 | 20191001162921.0 | ||
| 008 | 190802s9999 xx 000 0 und d | ||
| 020 | _a978-1285426792 | ||
| 040 | _cmaju | ||
| 100 | _aJeffrey A.Mello | ||
| 245 | 0 | _aStrategic Management of Human Reseource | |
| 260 |
_aUSA _bMcGraw Hill _c2016 |
||
| 300 | _a688:p | ||
| 942 |
_cBK _2ddc |
||